1648 1673 1401 1560 1113 1342 1402 1448 1737 1338 1515 1606 1921 1633 1734 1028 1035 1734 1654 1658 1178 1781 1074 1034 1320 1842 1414 1570 1476 1783 1080 1591 1512 1554 1620 1934 1211 1378 1944 1096 1785 1097 1386 1534 1871 1073 1128 1066 1991 1806 1832 1409 1454 1329 1199 1660 1364 1184 1425 1614 1034 1246 1352 1803 1933 1953 1349 1807 1148 1199 1561 1333 1618 1677 1235 1338 1979 1433 1897 1672 1845 1593 1986 1996 1535 1483 1055 1021 1332 1717 1990 1837 1640 1297 1505 1366 1595 1543 1359 BCNSPRNW ULIB Ver.6.0+V

เปลี่ยนเป็นภาษาไทย

Change to English
 แสดงรายละเอียดบรรณานุกรม
  กลับหน้าหลัก

Brief Record : Get Marc (ISO 2709) : E-mail record : QR code < ปิดหน้าต่าง
LEADER : 00000nam 2200000uu 4500
001    13399110356
003     ULIB
008    110429s2552||||th 000 0 tha d
020    9789744820846
060 04 WM420^bส271จ 2552
100 0  สมภพ เรืองตระกูล
245 10 จิตสังคมบำบัดในโรคทางจิตเวชและโรคทางกาย /^cสมภพเรืองตระกูล
250    พิมพ์ครั้งที่ 1
260    กรุงเทพฯ :^bเรือนแก้วการพิมพ์,^c2552
300    332 หน้า
504    มีบรรณานุกรมและดรรชนีประกอบ
650  2 Psychotherapy
650  2 Psychiatry
945    ^p420^l0^i026041
945    ^p420^l0^i026040
945    ^p420^l0^i026039
995    ทศพร
999 ^a ใช้งานได้ทุกระบบ
รายการนี้ยังไม่มีแท็ก
คุณยังไม่ได้ล็อกอิน คุณสามารถมีกิจกรรมร่วมกับเว็บไซต์ได้ แต่ต้องล็อกอินก่อน ::
  ล็อกอิน

รายการสื่อสารสนเทศ

ลำดับที่ ประเภท เลขเรียก/บาร์โค้ด สถานที่ สถานะ
- ไม่พบข้อมูล -

รายการใกล้เคียง
    ผู้แต่ง [สมภพ เรืองตระกูล]

    หัวเรื่อง [Psychotherapy]
    หัวเรื่อง [Psychiatry]

BibComment


ยังไม่เคยถูกคอมเมนท์

คอมเมนท์ทรัพยากรรายการนี้
  คอมเมนท์: จิตสังคมบำบัดในโร..


 Copyright 2026. Bcnsprnw @Library